000 00395nam a2200121Ia 4500
008 200922s9999 xx 000 0 und d
020 _a978-621-427-044-6
100 _aBarboza, Nemesio
245 _cNemesio Barboza, Annaliza B. Viernes, Rome Sherriff G. Montoya
_aJob analysis and design/
260 _aManila:
_bUnlimited Books
_c2019
300 _ax, 196 pages
_c22 cm.
650 _aJob analysis
999 _c364421
_d364421